000 00521nam a2200157Ia 4500
005 20250428130945.0
008 231217s9999 xx 000 0 und d
020 _a9780071445856
082 _a658 MUI;1 R
100 _aMuir, Alastair.
245 0 _aLean six sigma statistics : calculating process efficiencies in transactional projects
260 _c2006
_bMacgraw-hill
_aNew Delhi
300 _axv, 333
650 _aLean,six,sigma,statistics,calculating,process,efficiencies,transactional,projects
942 _cAA
999 _c182058
_d182058